| 000 | 00967cam a22002774a 4500 | ||
|---|---|---|---|
| 001 | 13069409 | ||
| 005 | 20250118144549.0 | ||
| 008 | 030127s2003 pau b 001 0 eng | ||
| 020 | _a9780721600178 | ||
| 050 | 0 | 0 |
_aR697.P45 _bP48 2003 |
| 082 | 0 | 0 |
_a610.69/53 _221 |
| 245 | 0 | 0 |
_aPhysician assistant : _ba guide to clinical practice / _c[edited by] Ruth Ballweg, Sherry Stolberg, Edward M. Sullivan. |
| 250 | _a3rd ed. | ||
| 260 |
_aPhiladelphia, Pa. : _bSaunders/Elsevier Science, _cc2003. |
||
| 300 |
_axx, 1048 p. : _bill. _c23 cm. |
||
| 650 | 0 | _aPhysicians' assistants. | |
| 650 | 0 | _aClinical competence. | |
| 650 | 1 | 2 |
_aPhysician Assistants _zUnited States. |
| 650 | 2 | 2 |
_aClinical Competence _zUnited States. |
| 650 | 2 | 2 |
_aDelivery of Health Care _xmethods _zUnited States. |
| 650 | 2 | 2 |
_aProfessional Role _zUnited States. |
| 700 | 1 | _aBallweg, Ruth. | |
| 700 | 1 | _aStolberg, Sherry. | |
| 700 | 1 |
_aSullivan, Edward M., _d1948- |
|
| 942 |
_2lcc _cBK _e3rd ed. _n0 |
||
| 999 |
_c2674 _d2674 |
||